| 000 | 00392nam a2200145 i 4500 | ||
|---|---|---|---|
| 001 | 23617 | ||
| 003 | ES-MaACL | ||
| 007 | t| | ||
| 008 | 021211s1919 fr ||||1| fre d | ||
| 100 | 1 |
_aAncel, Jacques. _921394 |
|
| 245 | 1 | 2 |
_aL'imité de la politique bulgare, 1870-1919 / _cJacques Ancel. |
| 260 |
_aParis : _b[P. Merchs], _c1919. |
||
| 300 |
_a75 p. ; _c17 cm. |
||
| 852 |
_aES-MaACL _jG-319 |
||
| 999 |
_c23617 _d23617 |
||